Méthodologie. Notions géométriques /

Guardado en:
Autor Principal: Destouches, Jean-Louis.
Formato: Libro
Idioma:French
Publicado: Paris : Gauthier-Villars, 1953.
Series:Traité de physique théorique et de physique mathématique ; 1.
Etiquetas: Agregar Etiqueta
Sin Etiquetas, Sea el primero en etiquetar este registro!
LEADER 00675nam a22001695a 4500
001 MAT.inmabb006630
008 120813s1953####fr#######b####001#0#fre#d
005 20170621122641.0
245 1 0 |a Méthodologie. Notions géométriques /  |c par Jean-Louis Destouches. 
260 |a Paris :  |b Gauthier-Villars,  |c 1953. 
300 |a xiv, 228 p. ;  |c 26 cm. 
490 1 |a Traité de physique théorique et de physique mathématique ;  |v 1 
504 |a Incluye referencias bibliográficas (p. [203]-209) e índices. 
100 1 |a Destouches, Jean-Louis. 
830 0 |a Traité de physique théorique et de physique mathématique ;  |v 1. 
084 |a 00A79  |2 msc2000 
859 |h 00A79  |i D476  |p A-7015  |b BIB. MATEMATICA